000 01095nam a22002537a 4500
003 NALT
005 20251125233001.0
008 s2548 th tha d
020 _a9742882983
040 _aNALT
041 _atha
090 _aKT 61
_bว244ห 2548 ล.2
100 0 _aวรรณชัย บุญบำรุง
_932150
245 1 0 _aหลักและทฤษฎีกฎหมายวิธีพิจารณาความแพ่ง เล่ม 2 /
_cวรรณชัย บุญบำรุง, ธนกร วรปรัชญากุล,
260 _aกรุงเทพฯ :
_bวิญญูชน,
_c2548
300 _a332 หน้า ;
_c26 ซม.
650 0 4 _aวิธีพิจารณาความแพ่ง
_9756
700 0 _aธนกร วรปรัชญากุล
_957092
700 0 _aสิริพันธ์ พลรบ
_932151
850 _aNALT
856 4 0 _uhttps://hdl.handle.net/20.500.14156/464438
942 _cLB
_2local
999 _c47505
_d47505
998 _j109
_k อารีรัตน์ วิชาช่าง